000 00655nam a2200253Ia 4500
003 OSt
005 20221005090658.0
006 a|||||r|||| 00| 0
007 ta
008 221004b |||||||| |||| 00| 0 eng d
024 _a68212
037 _cTextual
040 _aCRL
_cCRL
_beng
041 _2eng
_aeng
082 _aX:8, L8
100 _aAlbert kenneth J.
_9320894
245 0 _aHow to be your own management consultant
260 _aNew York
_bMcGraw-Hill USA
_c1978
300 _a207p.
_ccm.
650 _a ECONOMICS
650 _aMANAGEMENT
942 _hX:8, L8
_cTEXL
_2cc
999 _c996211
_d996211